[Dobrota Pucherová (et al.): Postcolonial Europe?]
| Titel: | [Dobrota Pucherová (et al.): Postcolonial Europe?] / Ioana Luca |
|---|---|
| Verfasser: | |
| In: |
Journal of contemporary Central and Eastern Europe, Band 25, Heft 2 (2017), Seite 279-281 alle Artikel anzeigen |
| Veröffentlicht: | 2017 |
| Format: | Aufsatz |
| Sprache: | Englisch |
X
alg: 46906294
001A $03025:09-09-20
001B $01999:27-07-21 $t17:21:42.000
001D $03025:09-09-20
001U $0utf8
001X $00
002@ $0Oou
002C $aText $btxt $2rdacontent
002D $aComputermedien $bc $2rdamedia
002E $aOnline-Ressource $bcr $2rdacarrier
003@ $0469062940
004P $010.1080/25739638.2017.1399542
007A $0469062940 $aHEB
010@ $aeng
010E $erda
011@ $a2017
013D $#Newspapers Sections, columns, etc. Reviews $#Book reviewing $#Journaux Cahiers, chroniques, etc. Comptes rendus $#Livres Recension $#Rezension $#Buchbesprechung $#Buchrezension $#Buchkritik $74049712-4 $8Rezension [Ts1] $9085138568
021A $a[Dobrota Pucherová (et al.): Postcolonial Europe?] $hIoana Luca
028A $BVerfasser $4aut $7 $8Luca, Ioana [Tnd] $9326893660
031A $d25 $e2 $h279-281 $j2017
039B $aEnthalten in $8--Obvc--. Journal of contemporary Central and Eastern Europe. - Abingdon, Ofordshire : Routlegde, Taylor & Francis Group, 2015-. - Online-Ressource. - ISSN 2573-9646 $x201700000250002721 $9426937147
039T $8--Aau--. Postcolonial Europe?. - Leiden {[u.a.] : Brill Rodopi, 2015. - 405 S.. - Ill.. - ISBN 978-90-04-30384-3 $9363549420
045F $a900.9437 $eDDC23BSB
045F/01 $a900
045F/03 $g437
lok: 46906294 78
exp: 46906294 78 1 #EPN
201B/01 $009-09-20 $t13:51:09.000
201C/01 $009-09-20
201U/01 $0utf8
203@/01 $01122690711
208@/01 $a09-09-20 $be
209A/01 $a/ $f000 $x00
209A/01 $ab*p $x01
220C/01 $apgar
244Z/01 $#Ostmitteleuropa $#Ostmitteleuropa $#Mitteleuropa, Ost $#Central Europe Ostmitteleuropa $#Mittelosteuropa $74075753-5 $8--Tg1--Ostmitteleuropa $x01 $9085214485
247C/01 $82080>Marburg/Lahn, Herder-Institut, Forschungsbibliothek, Bibliographieportal $9336309341
| LEADER | 00000caa a2200000 c 4500 | ||
|---|---|---|---|
| 001 | 469062940 | ||
| 003 | DE-603 | ||
| 005 | 20210727172142.0 | ||
| 007 | cr|||||||||||| | ||
| 008 | 200909s2017 xx |||| o| u00||u|eng c | ||
| 024 | 7 | |a 10.1080/25739638.2017.1399542 |2 doi | |
| 035 | |a (DE-599)HEB469062940 | ||
| 040 | |a DE-603 |b ger |c DE-603 |d DE-603 |e rda | ||
| 041 | |a eng | ||
| 082 | 0 | 4 | |8 1\u |a 900.9437 |q DE-101 |2 23/BSB |
| 085 | |8 1\u |b 900 | ||
| 085 | |8 1\u |z 2 |s 437 | ||
| 100 | 1 | |a Luca, Ioana |e Verfasser |4 aut |0 (DE-603)326893660 | |
| 245 | 0 | 0 | |a [Dobrota Pucherová (et al.): Postcolonial Europe?] |c Ioana Luca |
| 264 | 0 | |c 2017 | |
| 336 | |a Text |b txt |2 rdacontent | ||
| 337 | |a Computermedien |b c |2 rdamedia | ||
| 338 | |a Online-Ressource |b cr |2 rdacarrier | ||
| 655 | 7 | |a Rezension |2 gnd-content |0 (DE-588)4049712-4 |0 (DE-603)085138568 | |
| 773 | 0 | 8 | |i Enthalten in |t Journal of contemporary Central and Eastern Europe |d Abingdon, Ofordshire : Routlegde, Taylor & Francis Group, 2015- |h Online-Ressource |x 2573-9646 |g Band 25, Heft 2 (2017), Seite 279-281 |w (DE-603)426937147 |w (DE-600)2922261-8 |
| 787 | 0 | 8 | |i Rezension von |t Postcolonial Europe? |d Leiden [u.a.] : Brill Rodopi, 2015 |h 405 S., Ill. |z 9789004303843 |w (DE-603)363549420 |
| 924 | 1 | |9 2080 |a (DE-603)1122690711 |b DE-2080 |c HES |d d |g / | |


